Finał Ligi Mistrzów 2019/2020 - składy - Statystyki

Ogólne statystyki
  • Ten quiz został rozwiązany 249 razy
  • Średni wynik to 23 z 32
Statystyki odpowiedzi
Pozycja Narodowość Numer Imię i nazwisko % Poprawnych
Bramkarz Kostaryka 1 Keylor Navas
98%
Napastnik Brazylia 10 Neymar
96%
Napastnik Francja 7 Kylian Mbappé
95%
Napastnik Polska 9 Robert Lewandowsk
95%
Bramkarz Niemcy 1 Manuel Neuer
94%
Obrońca Austria 27 David Alaba
93%
Obrońca Kanada 19 Alfonso Davies
89%
Pomocnik Francja 29 Kingsley Coman
89%
Pomocnik Niemcy 25 Thomas Müller
85%
Napastnik Argentyna 11 Ángel Di María
84%
Obrońca Niemcy 32 Joshua Kimmich
84%
Pomocnik Hiszpania 6 Thiago
84%
Obrońca Brazylia 2 Thiago Silva
83%
Trener Niemcy # Thomas Tuchel
81%
Obrońca Niemcy 17 Jérôme Boateng
78%
Trener Niemcy # Hansi Flick
76%
Rezerwowy Włochy 6 Marco Verratti
76%
Pomocnik Niemcy 18 Leon Goretzka
74%
Pomocnik Niemcy 22 Serge Gnabry
72%
Rezerwowy Chorwacja 14 Ivan Perišić
69%
Obrońca Francja 3 Presnel Kimpembe
66%
Pomocnik Brazylia 5 Marquinhos
64%
Rezerwowy Brazylia 10 Philippe Coutinho
61%
Obrońca Hiszpania 13 Juan Bernat
57%
Obrońca Niemcy 4 Thilo Kehrer
53%
Rezerwowy Kamerun 17 Eric Maxim Choupo-Moting
50%
Pomocnik Argentyna 8 Leandro Paredes
49%
Rezerwowy Niemcy 23 Julian Draxler
47%
Rezerwowy Niemcy 4 Niklas Süle
46%
Rezerwowy Francja 24 Corentin Tolisso
31%
Pomocnik Hiszpania 21 Ander Herrera
30%
Rezerwowy Francja 20 Layvin Kurzawa
15%
Nie znaleziono quizów pasujących do podanych kryteriów
Rozkład punktacji
Procent ludzi z każdym wynikiem
Percentyl według liczby udzielonych odpowiedzi
Twoja historia wyników
Nie rozwiązałeś tego quizu